[Event "Provincial-ch Xixona Preferente"]
[Site "Xixona"]
[Date "2012.10.06"]
[Round "1"]
[White "Barkov, Ilya"]
[Black "Cazorla Tortosa, Jesus"]
[Result "0-1"]
[WhiteElo "1311"]
[BlackElo "1782"]
[PlyCount "34"]
[EventDate "2012.10.06"]
[EventType "swiss"]
[EventRounds "7"]
[EventCountry "ESP"]
[SourceTitle "EXT 2024"]
[Source "ChessBase"]
[SourceDate "2023.10.10"]
[SourceVersion "1"]
[SourceVersionDate "2023.10.10"]
[SourceQuality "1"]

1. e4 d5 2. exd5 Nf6 3. c4 c6 4. dxc6 Nxc6 5. Nc3 e5 6. d3 Bf5 7. a3 Bc5 8. Be3 Bxe3 9. fxe3 Qb6 10. Qd2 0-0-0 11. Nh3 e4 12. Nf4 Rhe8 13. Ncd5 Nxd5 14. Nxd5 Rxd5 15. cxd5 exd3 16. dxc6 Rxe3+ 17. Kd1 Qb3+ 0-1